Nấu ăn cho vợ

Na minha lista:
Detalhes bibliográficos
Autor principal: Tần, Trúc
Formato: Livro
Idioma:Undetermined
Publicado em: Hà Nội Phụ nữ 2004
Assuntos:
Tags: Adicionar Tag
Sem tags, seja o primeiro a adicionar uma tag!
Thư viện lưu trữ: Trung tâm Học liệu Trường Đại học Cần Thơ
LEADER 00519nam a2200193Ia 4500
001 CTU_88898
008 210402s9999 xx 000 0 und d
020 |c 37000 
082 |a 641.5 
082 |b Tr506 
100 |a Tần, Trúc 
245 0 |a Nấu ăn cho vợ 
245 0 |c Tần Trúc ; Nguyễn Khắc Khoái dịch 
260 |a Hà Nội 
260 |b Phụ nữ 
260 |c 2004 
650 |a Cookery 
904 |i Tuyến 
980 |a Trung tâm Học liệu Trường Đại học Cần Thơ